banner koha

Análise crítica de estudos da mastofauna em projetos de aproveitamentos hidrelétricos no Planalto Catarinense, Brasil (Registro n. 212359)

MARC details
000 -LÍDER
campo de controle de tamanho fixo 00986nas a2200325 4500
001 - NÚMERO DE CONTROLE
campo de controle BR2011006077
003 - IDENTIFICADOR DO NÚMERO DE CONTROLE
campo de controle BR-BrBNA
005 - DATA E HORÁRIO DA ÚLTIMA TRANSAÇÃO
campo de controle 20231205115145.0
007 - CAMPO FIXO DE DESCRIÇÃO FÍSICA--INFORMAÇÃO GERAL
campo de controle de tamanho fixo ta
008 - CAMPO DE DADOS FIXOS--INFORMAÇÃO GERAL
campo de controle de tamanho fixo 230509b bl.|||p| |||| 00| 00por d
040 ## - FONTE DA CATALOGAÇÃO
Instituição da catalogação original BR-BrBNA
Idioma da catalogação por
Instituição que transcreveu o registro Biblioteca Nacional de Agricultura
041 ## - CÓDIGO DE IDIOMA
Código do idioma do texto/trilha sonora ou título diferente (En, Pt)
072 ## - CÓDIGO DE CATEGORIA DE ASSUNTO
Código de Categoria de Assunto L60; P05
100 1# - ENTRADA PRINCIPAL--NOME PESSOAL
Nome pessoal Mazzoli, M.
100 1# - ENTRADA PRINCIPAL--NOME PESSOAL
Nome pessoal Jesus, E.B. de
100 1# - ENTRADA PRINCIPAL--NOME PESSOAL
Nome pessoal Wasen, R.W.S.
100 1# - ENTRADA PRINCIPAL--NOME PESSOAL
Nome pessoal Borba, R. de
100 1# - ENTRADA PRINCIPAL--NOME PESSOAL
Nome pessoal Benedet, R.
100 1# - ENTRADA PRINCIPAL--NOME PESSOAL
Nome pessoal Lessmann, K.G.
245 1# - TÍTULO
Título Análise crítica de estudos da mastofauna em projetos de aproveitamentos hidrelétricos no Planalto Catarinense, Brasil
650 ## - ASSUNTO--TERMO TÓPICO
Cabeçalho tópico ou nome geográfico HIDRELÉTRICA
650 ## - ASSUNTO--TERMO TÓPICO
Cabeçalho tópico ou nome geográfico IMPACTO AMBIENTAL
650 ## - ASSUNTO--TERMO TÓPICO
Cabeçalho tópico ou nome geográfico FAUNA
650 ## - ASSUNTO--TERMO TÓPICO
Cabeçalho tópico ou nome geográfico NOMENCLATURA
650 ## - ASSUNTO--TERMO TÓPICO
Cabeçalho tópico ou nome geográfico ESPÉCIE
650 ## - ASSUNTO--TERMO TÓPICO
Cabeçalho tópico ou nome geográfico IDENTIFICAÇÃO
773 0# - ENTRADA ANALÍTICA
Título Natureza e Conservação (Brazil)
ISSN - International Standard Serial Number ISSN 1679-0073
Partes relacionadas (Oct 2008), v. 6(2) p. 91-101
Número de controle do registro BR2011006077
909 ## -
-- 202311
-- Lúcia
-- 55
-- Lúcia Elande
942 ## - ELEMENTOS DE ENTRADA ADICIONADOS (KOHA)
Fonte da classificação ou esquema de arquivamento na estante Classificação AGRIS
Ocultar no OPAC Não
Tipo de material Koha Analítica
Exemplares
Situação do descarte Fonte da classificação ou esquema de arquivamento na estante Situação física Não pode ser emprestado Biblioteca de origem Biblioteca atual Localização na estante Enumeração do periódico / cronologia Total de empréstimos Data de último acesso Número do exemplar Tipo de material Koha Fonte de aquisição
  Classificação AGRIS   Consulta local Biblioteca Nacional de Agricultura - Binagri Biblioteca Nacional de Agricultura - Binagri   (Oct 2008), v. 6(2) p. 91-101   29/11/2023 01 Periódicos Portaria Interministerial nº 164/94

BINAGRI

Telefone: (61)3218-2567/2388/3357/2097 - binagri@agro.gov.br

Ministério da Agricultura e Pecuária , Esplanada dos Ministérios, Bloco D, Anexo B, Brasília/DF, CEP: 70.043-900